Agriculture; book 3 horticulture and livestock

Guardado en:
Formato: Libro
Publicado: London : Collier-macmillan, 1967
Materias:
Etiquetas: Agregar Etiqueta
Sin Etiquetas, Sea el primero en etiquetar este registro!
LEADER 00904nam a22001575a 4500
001 CEM.cems015587
005 20090915154921.0
008 130507s1967##################000#0#####d
003 CEMS
082 0 4 |a 630 
245 0 0 |a Agriculture; book 3 horticulture and livestock 
260 |a London :  |b Collier-macmillan,  |c 1967 
300 |a 149 p. 
505 0 |a Potatoes -- Horticultural plants grown for their underground parts -- Horticultural plants grown for their leaves and stems -- Cucurbita -- Tomatoes, peppers, and eggplants -- Beans and peas -- Berry producing plants -- Apples and pears -- Stone fruits -- Grapes -- Tropical and subtropical fruits -- Nuts -- Fram forestry -- Diseases or agricultural plants -- Insects enemies of plants -- Agricultural animals: beasts of burden -- Horses as draft and saddle animals 
653 |a Agricultura 
859 |a CEMS  |b BIB. CEMS - Agricultura  |h 630  |i Ag83  |p A15961.90  |t Ej.1  |v III  |3 III